| 000 | 00463nam a22001817a 4500 | ||
|---|---|---|---|
| 005 | 20230110110858.0 | ||
| 008 | 221221b |||||||| |||| 00| 0 eng d | ||
| 020 | _a9789393656315 | ||
| 041 | _aeng | ||
| 082 | _a343.04-GOU-T | ||
| 100 |
_aGOUR , MAHESH ., BANSAL ,K.M _97443 |
||
| 245 | _aTAXMANN'S INDIRECT TAX LAWS | ||
| 250 | _a2nd ed. | ||
| 260 |
_aNEW DELHI _bTAXMANN PUBLICATION _c2022 |
||
| 300 | _a32.22;P. | ||
| 650 |
_aLAW _95701 |
||
| 942 | _cBK | ||
| 999 |
_c8186 _d8184 |
||